000 00501nam a2200157Ia 4500
003 GCL
005 20240530103912.0
008 140319s9999 xx 000 0 ara d
040 _aGCL /
_cGCL
082 0 4 _a301.01
_bس ت
100 1 _aسوينجوود ، الان
245 1 0 _aتاريخ النظرية فى علم الاجتماع /
_cتاليف الان سوينجوود ؛ ترجمة السيد عبدالعاطى السيد
300 _a419 ص
490 _a100 قصة
_v0
942 _2ddc
_cBK
999 _c43338
_d43338